US States by Images #1 - Statistics

General Stats
  • This quiz has been taken 41 times
  • The average score is 10 of 12
Answer Stats
Picture Answer % Correct
New York
97%
Nevada
94%
Hawaii
91%
Texas
91%
California
88%
Colorado
85%
Georgia
85%
Idaho
82%
Wyoming
82%
Michigan
79%
Iowa
74%
Oklahoma
53%
No matching quizzes found
Score Distribution
Percent of People with Each Score
Percentile by Number Answered
Your Score History
You have not taken this quiz